00579 a2200169 450000500170000001000150001702000300003203500140006203700130007608200200008910000190010924500940012826000570022227000830027930000250036270000220038720211222130756.0 aENG-130491 a978-93-5460-018-0c348.00 aEN-114023 bDBAD/PUB a909b122nd Ed. aReddy, Krishna aWorld HIstory:bA Comprehensive Study Of The Modern World/cKrishna Reddy, Ajay Kumar C.M aChennaibMcGraw Hill Education Private Limitedc2020 a441/1,Sri Ekambara Naicker Industrial Estate, Alapakkam PorurbChennaie600116 axv,400p.c24cm (pbk) aM., Ajay Kumar C.